000 00283nam a22001337a 4500
008 170602b xxu||||| |||| 00| 0 eng d
020 _a9780944029367
041 _aeng
080 _a94
100 _a17
101 _aSHH
245 _aWHO RULES IRAN
_cBUCHTA.W
942 _2udc
_cBK
999 _c15638
_d15638